00666nam a22002057a 450000500170000001000310001702000260004803500130007403500130008703700120010003700130011208200120012510000200013724500880015725000130024526000250025827000890028330000310037250000570040320181110151635.0 aB-696143 B-712814 a9789332587359c239.00 aB-696143 aB-712814 bPearson bRK Books a352.399 aKarthikeyan, M. aInternal security:cM. Karthikeyanbfor civil services main examination GS paperIII a2nd ed.  aNoidabPearsonc2017 a15th Floor, Tower-B, World Trade Tower, Plot No.1, Block-C, Sector 16bNoidae201301 avarious pagingsc23cm(pbk) aIt include annexure A1.1 to A10.1p. It include index